000 00859nam a22002417a 4500
003 OSt
005 20251127172952.0
008 251127b |||||||| |||| 00| 0 eng d
020 _a978-0-8400-2849-5
040 _aDWC-Main lib.
_cOC
082 _2seventh edition.
_aCirc. 649.1 M647p 2013
100 _aMiller, Darla Ferris
245 _aPositive child guidance/
_cDarla Ferris Miller
260 _aSingapore :
_bCengage Learning,
_cc2013.
300 _axv, 404 pages :
_billustrations ;
_c23 cm.
504 _aIncludes bibliographic references, glossary, appendix and index.
650 _a1. Child development--United States.
650 _a2. Child rearing--United States.
650 _a3. Chilpsychology--United States.
650 _a4. Parenting--United States.
760 _bseventh edition.
942 _2ddc
_cBK-CIRC
_eseventh edition.
_kCirc.
_n0
999 _c6530
_d6530